|
|
|
|
| LEADER |
01113nam a2200277 a 4500 |
| 001 |
15984559 |
| 008 |
100628s2010 dcua b i001 0 eng d |
| 010 |
|
|
|a 2009044651
|
| 020 |
|
|
|a 9780821381694
|
| 020 |
|
|
|a 0821381695
|
| 020 |
|
|
|a 9780821381717 (electronic)
|
| 020 |
|
|
|a 0821381717 (electronic)
|
| 040 |
|
|
|a DLC
|c DLC
|d YDXCP
|d C#P
|d CDX
|d BWX
|d DLC
|d BD-DhAAL
|
| 082 |
0 |
0 |
|a 303.48/33
|2 22
|
| 100 |
1 |
|
|a Singh, Rajendra,
|d 1958-
|
| 245 |
1 |
0 |
|a Convergence in information and communication technology :
|b strategic and regulatory considerations /
|c Rajendra Singh and Siddhartha Raja.
|
| 260 |
|
|
|a Washington, D.C. :
|b World Bank,
|c c2010.
|
| 300 |
|
|
|a xiv, 125 p. :
|b ill. ;
|c 21 cm.
|
| 504 |
|
|
|a Includes bibliographical references (p.105-116) and index.
|
| 541 |
1 |
|
|e 00020456
|
| 650 |
|
0 |
|a Information technology.
|
| 650 |
|
0 |
|a Telecommunication.
|
| 700 |
1 |
|
|a Raja, Siddhartha,
|d 1980-
|
| 852 |
4 |
|
|a Ayesha Abed Library
|j General shelf
|
| 999 |
|
|
|c 9108
|d 9108
|
| 952 |
|
|
|0 0
|1 0
|2 ddc
|4 0
|6 303_483300000000000_SIN_2010
|7 0
|9 11349
|a BRACUL
|b BRACUL
|c GEN
|d 2010-06-29
|l 0
|o 303.4833 SIN
|p 3010020456
|r 2010-06-29
|t 1
|w 2010-06-29
|y BK
|